Statistics for World Capitals Closest to Avarua

Click here to take the quiz!

General Stats

  • This quiz has been taken 103 times
  • The average score is 16 of 20

Answer Stats

kmcapitalmiles% Correct
3270Wellington2302
100%
5189Canberra3224
97%
5815Port Moresby3613
92%
1511Apia939
90%
4455Majuro2768
89%
2305Suva1432
87%
3364Port Vila2090
86%
5559Palikir3454
86%
1600Nuku'alofa994
85%
3874Tarawa2407
85%
4285Yaren2662
84%
2660Funafuti1653
82%
4501Honiara2797
80%
7842Ngerulmud4873
80%
8090Dili5027
79%
8661Santiago5382
69%
1085Alofi674
53%
8008Mexico City4976
52%
8633San Salvador5364
52%
8549Guatemala City5312
51%

Score Distribution

Percentile by Number Answered

Percent of People with Each Score

Your Score History

You have not taken this quiz